[Event "Landesliga Ost MV 2014-15"]
[Site "Mecklenburg-Vorpommern"]
[Date "2015.04.26"]
[Round "9.8"]
[White "Stork, Leonard Christopher"]
[Black "Behm, Olaf"]
[Result "0-1"]
[WhiteElo "1388"]
[BlackElo "1384"]
[PlyCount "84"]
[EventType "team-tourn"]
[EventRounds "9"]
[EventCountry "GER"]
[SourceDate "2014.04.06"]
[WhiteTeam "ESV Waren"]
[BlackTeam "SAV Torgelow-Droegeheide 90  II"]

1. Nf3 d5 2. d4 c5 3. c4 cxd4 4. Nxd4 Nf6 5. Nc3 dxc4 6. Bg5 a6 7. a4 e6 8. e4
Qb6 9. Qd2 Bc5 10. Bxf6 gxf6 11. Rd1 Ke7 12. Nf3 Rg8 13. g3 Nc6 14. Bxc4 Rd8
15. Qc2 Rxd1+ 16. Nxd1 e5 17. O-O Bh3 18. Nc3 Nb4 19. Rc1 Be6 20. Bxe6 fxe6 21.
Qd2 Rd8 22. Qh6 Bxf2+ 23. Kg2 Rf8 24. Qxh7+ Rf7 25. Qg6 Be3 26. Rd1 Nc6 27.
Rd7+ Kxd7 28. Qxf7+ Kd6 29. Nd1 Qb3 30. Nxe3 Qxe3 31. Qxf6 Qxe4 32. Qf8+ Kd7
33. Qf7+ Ne7 34. Kh3 Kd6 35. Ng5 Qf5+ 36. Qxf5 exf5 37. g4 f4 38. Kg2 Kd5 39.
Kf3 Ng6 40. Ne4 Nh4+ 41. Kf2 Kxe4 42. g5 Kf5 0-1

[Event "Landesliga Ost MV 2014-15"]
[Site "Mecklenburg-Vorpommern"]
[Date "2015.04.26"]
[Round "9.3"]
[White "Peters, Hans Joachim"]
[Black "Moritz, Hartmut"]
[Result "1/2-1/2"]
[WhiteElo "1714"]
[BlackElo "1831"]
[PlyCount "68"]
[EventType "team-tourn"]
[EventRounds "9"]
[EventCountry "GER"]
[SourceDate "2014.04.06"]
[WhiteTeam "SG Eintracht Neubrandenburg  III"]
[BlackTeam "SSC Rostock 07  III"]

1. e4 e6 2. d4 d5 3. Nc3 Nf6 4. Bg5 Be7 5. e5 Nfd7 6. Bxe7 Qxe7 7. f4 f6 8. Nf3
O-O 9. Be2 c5 10. Nb5 Nc6 11. c3 cxd4 12. cxd4 Qb4+ 13. Qd2 Qxd2+ 14. Kxd2 fxe5
15. fxe5 Nb6 16. Rac1 Bd7 17. Nd6 Rab8 18. g3 Nc8 19. Nxc8 Rbxc8 20. a3 Rf5 21.
Ke3 Rcf8 22. Rhf1 a6 23. Nd2 Rxf1 24. Rxf1 Ne7 25. Rxf8+ Kxf8 26. Bd3 a5 27.
Nb3 b6 28. Nd2 Be8 29. Nf3 h6 30. Nh4 g5 31. Nf3 Bg6 32. Bxg6 Nxg6 33. Kd3 Ne7
34. Kc3 Nf5 1/2-1/2

[Event "Landesliga Ost MV 2014-15"]
[Site "Mecklenburg-Vorpommern"]
[Date "2015.04.26"]
[Round "9.4"]
[White "Hochgraefe, Hans Juergen"]
[Black "Buenz, Heinrich"]
[Result "1/2-1/2"]
[WhiteElo "1805"]
[BlackElo "1609"]
[PlyCount "25"]
[EventType "team-tourn"]
[EventRounds "9"]
[EventCountry "GER"]
[SourceDate "2014.04.06"]
[WhiteTeam "SSC Rostock 07  III"]
[BlackTeam "SG Eintracht Neubrandenburg  III"]

1. d4 Nf6 2. Nf3 e6 3. Bg5 Be7 4. e3 b6 5. Bd3 Bb7 6. Nbd2 d6 7. Qe2 Nbd7 8. c3
Rc8 9. O-O O-O 10. Rad1 c5 11. e4 Re8 12. h3 Nh5 13. Be3 1/2-1/2

[Event "Landesliga Ost MV 2014-15"]
[Site "Mecklenburg-Vorpommern"]
[Date "2015.04.26"]
[Round "9.5"]
[White "Hollender, Dirk"]
[Black "Mueller, Michael"]
[Result "0-1"]
[WhiteElo "1672"]
[BlackElo "1794"]
[PlyCount "104"]
[EventType "team-tourn"]
[EventRounds "9"]
[EventCountry "GER"]
[SourceDate "2014.04.06"]
[WhiteTeam "SG Eintracht Neubrandenburg  III"]
[BlackTeam "SSC Rostock 07  III"]

1. e4 e6 2. d3 d5 3. Nd2 Nf6 4. Ngf3 Bc5 5. Be2 Nc6 6. c3 dxe4 7. dxe4 O-O 8.
O-O Qe7 9. b4 Bb6 10. Qc2 e5 11. Nc4 Nd7 12. Nxb6 axb6 13. b5 Na5 14. a4 Nc5
15. Ba3 Be6 16. Nd2 Rfd8 17. Rfd1 Rd7 18. c4 Rad8 19. Nf3 Rxd1+ 20. Rxd1 Rxd1+
21. Qxd1 Bxc4 22. Bxc4 Nxc4 23. Bxc5 bxc5 24. Qd5 Nb6 25. Qxb7 Qd8 26. g3 Nxa4
27. Nxe5 Nc3 28. Qc6 h6 29. Kg2 Qe7 30. f4 f6 31. Qa8+ Kh7 32. Qh8+ Kxh8 33.
Ng6+ Kg8 34. Nxe7+ Kf7 35. Nd5 Nxb5 36. Ne3 Ke6 37. Nc4 Nd6 38. f5+ Kd7 39. Nd2
c4 40. Kf3 c5 41. Ke3 c3 42. Nb3 c4 43. Nc1 Nb5 44. g4 Kd6 45. Na2 Ke5 46. h4
c2 47. Nc1 Nc3 48. Kd2 Nxe4+ 49. Kxc2 Kf4 50. g5 fxg5 51. hxg5 Kxg5 52. Ne2
Kxf5 0-1

[Event "Landesliga Ost MV 2014-15"]
[Site "Mecklenburg-Vorpommern"]
[Date "2015.04.26"]
[Round "9.6"]
[White "Herde, Dittmar"]
[Black "Friedrich, Joerg"]
[Result "1-0"]
[WhiteElo "1788"]
[BlackElo "1657"]
[PlyCount "89"]
[EventType "team-tourn"]
[EventRounds "9"]
[EventCountry "GER"]
[SourceDate "2014.04.06"]
[WhiteTeam "SSC Rostock 07  III"]
[BlackTeam "SG Eintracht Neubrandenburg  III"]

1. d4 Nf6 2. c4 d6 3. Nc3 g6 4. e4 Bg7 5. f3 O-O 6. Bg5 Ne8 7. g4 Nc6 8. Nge2
f6 9. Be3 e5 10. d5 Ne7 11. Qd2 c6 12. h4 cxd5 13. Nxd5 Nxd5 14. Qxd5+ Kh8 15.
h5 gxh5 16. Rxh5 Qe7 17. Qd2 Be6 18. Ng3 Qf7 19. b3 Rc8 20. Qh2 Qg6 21. Nf5 Rc7
22. Bxa7 b5 23. Bb6 Rb7 24. cxb5 Bxf5 25. gxf5 Qxh5 26. Qxh5 Rxb6 27. Bc4 Nc7
28. Bf7 Nxb5 29. Rc1 Rb7 30. Bd5 Ra7 31. Rc2 Nd4 32. Rh2 h6 33. Kd1 Rc8 34. Bc4
Rac7 35. Kd2 Ra7 36. Ke3 Rca8 37. Qg6 Rc7 38. Rxh6+ Bxh6+ 39. Qxh6+ Rh7 40.
Qxf6+ Rg7 41. Qxd6 Re8 42. f6 Rg3 43. f7 Rxf3+ 44. Kd2 Rf2+ 45. Ke1 1-0

[Event "Landesliga Ost MV 2014-15"]
[Site "Mecklenburg-Vorpommern"]
[Date "2015.04.26"]
[Round "9.8"]
[White "Raitza, Egon"]
[Black "Rothe, Nicola"]
[Result "1-0"]
[WhiteElo "1652"]
[BlackElo "1281"]
[PlyCount "49"]
[EventType "team-tourn"]
[EventRounds "9"]
[EventCountry "GER"]
[SourceDate "2014.04.06"]
[WhiteTeam "SSC Rostock 07  III"]
[BlackTeam "SG Eintracht Neubrandenburg  III"]

1. d4 Nf6 2. c4 g6 3. Nc3 Bg7 4. e4 d6 5. f3 O-O 6. Be3 Nbd7 7. Qd2 c5 8. d5 a6
9. Bd3 Ne5 10. Rc1 Bd7 11. Nge2 Bh3 12. Nf4 Bd7 13. O-O h5 14. b3 Kh7 15. Be2
Rh8 16. Nd3 Nxd3 17. Bxd3 Kg8 18. e5 Ne8 19. e6 fxe6 20. Bxg6 e5 21. Ne4 Nf6
22. Ng5 Be8 23. Ne6 Qd7 24. Bf5 Bf8 25. Qd3 1-0

[Event "Landesliga Ost MV 2014-15"]
[Site "Mecklenburg-Vorpommern"]
[Date "2015.04.26"]
[Round "9.1"]
[White "Onasch, Gunnar"]
[Black "Koepcke, Klaus Peter"]
[Result "0-1"]
[WhiteElo "1821"]
[BlackElo "2141"]
[PlyCount "86"]
[EventType "team-tourn"]
[EventRounds "9"]
[EventCountry "GER"]
[SourceDate "2014.04.06"]
[WhiteTeam "SV Waterkant Saal"]
[BlackTeam "Greifswalder SV  II"]

1. Nf3 d5 2. b3 Nf6 3. Bb2 e6 4. e3 c5 5. c4 Nc6 6. d3 Be7 7. Be2 O-O 8. O-O b6
9. Nbd2 Bb7 10. Ne5 Nxe5 11. Bxe5 Nd7 12. Bb2 e5 13. cxd5 Bxd5 14. Bf3 Bxf3 15.
Nxf3 Bf6 16. Rc1 Qe7 17. Rc2 Rfd8 18. Rd2 e4 19. Bxf6 Nxf6 20. dxe4 Nxe4 21.
Rxd8+ Rxd8 22. Qc2 {(=?)} Rd5 23. Rd1 Qd6 24. Rxd5 Qxd5 25. Kf1 b5 26. a3 g6
27. Ke2 a5 28. Ne1 b4 29. axb4 axb4 30. f3 Nc3+ 31. Kf1 Qe5 32. Qd3 Qe6 33. Qc2
Qxe3 34. Nd3 Qd4 35. Nf2 Nd5 36. Qc1 Ne3+ 37. Ke2 Nxg2 38. Nd3 h5 39. Qg5 Qg1
40. Qxc5 Nf4+ 41. Kd2 Qxh2+ 42. Ke3 Nxd3 43. Kxd3 Qf4 0-1

[Event "Landesliga Ost MV 2014-15"]
[Site "Mecklenburg-Vorpommern"]
[Date "2015.04.26"]
[Round "9.3"]
[White "Richter, Frank"]
[Black "Schwahn, Christian"]
[Result "0-1"]
[WhiteElo "1730"]
[BlackElo "1947"]
[PlyCount "60"]
[EventType "team-tourn"]
[EventRounds "9"]
[EventCountry "GER"]
[SourceDate "2014.04.06"]
[WhiteTeam "SV Waterkant Saal"]
[BlackTeam "Greifswalder SV  II"]

1. d4 Nf6 2. c4 e6 3. Nf3 b6 4. Nc3 Bb7 5. e3 Bb4 6. Bd2 O-O 7. Bd3 d6 8. a3
Bxc3 9. Bxc3 Ne4 10. Rc1 Nd7 11. O-O f5 12. Bb1 Nxc3 13. Rxc3 c5 14. Qe2 Qf6
15. Rd1 Rad8 16. e4 cxd4 17. Nxd4 fxe4 18. Nb5 d5 19. f3 Ne5 20. fxe4 dxe4 21.
Rf1 Qe7 22. Rxf8+ Qxf8 23. Rc1 Qc5+ 24. Kh1 e3 25. b4 Rd2 26. bxc5 Rxe2 27. c6
Bxc6 28. Nd4 Bxg2+ 29. Kg1 Nf3+ 30. Nxf3 Bxf3 0-1

[Event "Landesliga Ost MV 2014-15"]
[Site "Mecklenburg-Vorpommern"]
[Date "2015.04.26"]
[Round "9.4"]
[White "Nauschuetz, Ernst"]
[Black "Nickel, Reimo"]
[Result "1/2-1/2"]
[WhiteElo "1818"]
[BlackElo "1751"]
[PlyCount "47"]
[EventType "team-tourn"]
[EventRounds "9"]
[EventCountry "GER"]
[SourceDate "2014.04.06"]
[WhiteTeam "Greifswalder SV  II"]
[BlackTeam "SV Waterkant Saal"]

1. c4 e5 2. g3 c6 3. d4 Bb4+ 4. Bd2 Bxd2+ 5. Qxd2 exd4 6. Qxd4 Qf6 7. Nf3 Qxd4
8. Nxd4 Ne7 9. Nc3 d6 10. O-O-O Be6 11. Nxe6 fxe6 12. Rxd6 Kf7 13. Bh3 Nf5 14.
Bxf5 exf5 15. Rhd1 Rc8 16. h4 Na6 17. a3 Nc5 18. e3 Rc7 19. Kc2 Re8 20. b4 Ne4
21. Nxe4 Rxe4 22. Kc3 a6 23. Rd7+ Re7 24. Rxe7+ {Züge bist zum 60. Zug unklar}
1/2-1/2

[Event "Landesliga Ost MV 2014-15"]
[Site "Mecklenburg-Vorpommern"]
[Date "2015.04.26"]
[Round "9.5"]
[White "Ehmann, Roland"]
[Black "Malchau, Jochen"]
[Result "1/2-1/2"]
[WhiteElo "1546"]
[BlackElo "1597"]
[PlyCount "74"]
[EventType "team-tourn"]
[EventRounds "9"]
[EventCountry "GER"]
[SourceDate "2014.04.06"]
[WhiteTeam "SV Waterkant Saal"]
[BlackTeam "Greifswalder SV  II"]

1. d4 d5 2. Nf3 Nf6 3. g3 c6 4. Bg2 Bf5 5. O-O h6 6. Nbd2 e6 7. c4 Bd6 8. Qb3
Qc8 9. Nh4 Bh7 10. Re1 O-O 11. f4 Be7 12. Nhf3 Ne4 13. Nxe4 Bxe4 14. Ne5 Bxg2
15. Kxg2 Nd7 16. Nf3 Nf6 17. Nd2 Rd8 18. c5 Qc7 19. Qc2 b6 20. a3 bxc5 21. dxc5
a5 22. e4 dxe4 23. Nxe4 Nxe4 24. Rxe4 Rd5 25. Be3 Rad8 26. b4 axb4 27. axb4 Bf6
28. Rb1 Bd4 29. Rxd4 Rxd4 30. Bxd4 Rxd4 31. Qf2 Qd7 32. Rb2 g6 33. Qf3 Rd3 34.
Qe4 Qd5 35. Qxd5 exd5 36. b5 cxb5 37. Rxb5 Rc3 1/2-1/2

[Event "Landesliga Ost MV 2014-15"]
[Site "Mecklenburg-Vorpommern"]
[Date "2015.04.26"]
[Round "9.6"]
[White "Zimmermann, Bernd"]
[Black "Nickel, Udo"]
[Result "1/2-1/2"]
[WhiteElo "1637"]
[BlackElo "1703"]
[PlyCount "50"]
[EventType "team-tourn"]
[EventRounds "9"]
[EventCountry "GER"]
[SourceDate "2014.04.06"]
[WhiteTeam "Greifswalder SV  II"]
[BlackTeam "SV Waterkant Saal"]

1. e4 e6 2. d4 d5 3. Nc3 Nf6 4. e5 Nfd7 5. f4 a6 6. Nf3 c5 7. Be3 Nc6 8. Be2
cxd4 9. Nxd4 Nxd4 10. Bxd4 Bc5 11. Bxc5 Nxc5 12. b4 Nd7 13. Qd4 Qb6 14. Qxb6
Nxb6 15. a4 Bd7 16. a5 Rc8 17. axb6 Rxc3 18. Kd2 Rc8 19. Rhc1 Ke7 20. c4 dxc4
21. Rxc4 Rxc4 22. Bxc4 Rc8 23. Kd3 Rc6 24. b5 Rxb6 25. bxa6 bxa6 1/2-1/2

[Event "Landesliga Ost MV 2014-15"]
[Site "Mecklenburg-Vorpommern"]
[Date "2015.04.26"]
[Round "9.1"]
[White "Patzenhauer, Max"]
[Black "Luethke, Hans Eckart"]
[Result "0-1"]
[WhiteElo "1918"]
[BlackElo "2121"]
[PlyCount "126"]
[EventType "team-tourn"]
[EventRounds "9"]
[EventCountry "GER"]
[SourceDate "2014.04.06"]
[WhiteTeam "SV Motor Wolgast"]
[BlackTeam "SSC Graal-Mueritz"]

1. d4 Nf6 2. Nf3 c5 3. c3 e6 4. Bf4 cxd4 5. cxd4 Qb6 6. Qc2 Nc6 7. e3 Nb4 8.
Qc1 d6 9. a3 Nbd5 10. Bg3 Bd7 11. Bd3 Rc8 12. Qd2 Bb5 13. Nc3 Bxd3 14. Nxd5
Nxd5 15. Qxd3 Qxb2 16. O-O Rc3 17. Rfb1 Rxd3 18. Rxb2 b6 19. Rc2 Rc3 20. Rac1
Rxc2 21. Rxc2 Kd7 22. e4 Nc7 23. e5 f6 24. Nd2 fxe5 25. dxe5 d5 26. Nf3 Bxa3
27. Nd4 Bc5 28. Nb3 Be7 29. Kf1 Nb5 30. f4 Rc8 31. Rd2 Rc3 32. Rb2 Ba3 33. Rb1
Rc2 34. Bf2 Bb2 35. g4 Nc3 36. Re1 Ne4 37. Bd4 Bxd4 38. Nxd4 Rf2+ 39. Kg1 Rxf4
40. h3 Ng5 41. Rd1 Rxd4 42. Ra1 a5 43. Rb1 Kc6 44. Kh2 Nf3+ 45. Kg3 Nxe5 46.
Re1 Kd6 47. Rb1 Rd3+ 48. Kh4 Kc5 49. g5 Ng6+ 50. Kg4 Rd4+ 51. Kg3 a4 52. h4
Nxh4 53. Kf2 Rd3 54. Rh1 Nf5 55. Rxh7 a3 56. g6 a2 57. Rh1 Ra3 58. Ra1 Kc4 59.
Ke2 Nd4+ 60. Kd2 Nb3+ 61. Kc2 Nxa1+ 62. Kb2 Rb3+ 63. Kxa2 Kc3 0-1

[Event "Landesliga Ost MV 2014-15"]
[Site "Mecklenburg-Vorpommern"]
[Date "2015.04.26"]
[Round "9.2"]
[White "Van Bentum, Horst"]
[Black "Reinke, Thomas"]
[Result "1/2-1/2"]
[WhiteElo "2013"]
[BlackElo "1883"]
[PlyCount "51"]
[EventType "team-tourn"]
[EventRounds "9"]
[EventCountry "GER"]
[SourceDate "2014.04.06"]
[WhiteTeam "SSC Graal-Mueritz"]
[BlackTeam "SV Motor Wolgast"]

1. e4 e6 2. d4 d5 3. Nd2 dxe4 4. Nxe4 Nd7 5. Nf3 Be7 6. Bd3 Ngf6 7. Qe2 c5 8.
Nxf6+ Nxf6 9. dxc5 Qa5+ 10. Bd2 Qxc5 11. O-O Bd7 12. Ne5 O-O 13. Nxd7 Nxd7 14.
a3 Qe5 15. Bc3 Qxe2 16. Bxe2 Bf6 17. Bxf6 Nxf6 18. Bf3 Rab8 19. Rad1 Rfc8 20.
Rd2 Kf8 21. Rfd1 Ke7 22. Kf1 b6 23. g3 Rd8 24. Ke2 Rxd2+ 25. Rxd2 Rc8 26. h3
1/2-1/2

[Event "Landesliga Ost MV 2014-15"]
[Site "Mecklenburg-Vorpommern"]
[Date "2015.04.26"]
[Round "9.4"]
[White "Schumann, Lutz"]
[Black "Schubert, Volker"]
[Result "0-1"]
[WhiteElo "1735"]
[BlackElo "2059"]
[PlyCount "158"]
[EventType "team-tourn"]
[EventRounds "9"]
[EventCountry "GER"]
[SourceDate "2014.04.06"]
[WhiteTeam "SSC Graal-Mueritz"]
[BlackTeam "SV Motor Wolgast"]

1. c4 Nf6 2. Nc3 c5 3. g3 Nc6 4. Bg2 e6 5. e4 d6 6. Nge2 Be7 7. O-O O-O 8. d3
a6 9. f4 Qc7 10. Kh1 Rb8 11. Be3 b6 12. Qd2 Bb7 13. Bg1 Rfe8 14. Nd1 Bf8 15.
Ne3 h5 16. Nc3 Nd4 17. h3 g6 18. g4 hxg4 19. hxg4 Bg7 20. Rae1 Nh7 21. Qf2 f5
22. Qg3 Kf7 23. Bh2 Rg8 24. g5 Nf8 25. Kg1 b5 26. exf5 gxf5 27. Kf2 Bxg2 28.
Qxg2 Qb7 29. Bg3 Qxg2+ 30. Kxg2 b4 31. Ne2 Ng6 32. b3 a5 33. Nxd4 Bxd4 34. Rh1
Rh8 35. Kf3 Rxh1 36. Rxh1 Rh8 37. Rxh8 Bxh8 38. Ke2 Ne7 39. Kf3 Bg7 40. Ke2 Nc6
41. Nc2 Kg6 42. Kf3 Bf8 43. Bf2 e5 44. Be3 exf4 45. Bxf4 Ne5+ 46. Ke2 Nf7 47.
d4 Be7 48. dxc5 dxc5 49. Bc7 Bd8 50. Bf4 Bxg5 51. Kf3 Bf6 52. Ne3 Be5 53. Nd5
Ng5+ 54. Bxg5 Kxg5 55. Ne7 Kf6 56. Nd5+ Ke6 57. Ne3 Bd6 58. Nd5 Ke5 59. Ne3 Be7
60. Nd5 Bg5 61. Nc7 Bh6 62. Nd5 Kd4 63. Ne7 Kc3 64. Nc6 Kb2 65. Nxa5 Kxa2 66.
Ke2 Bf4 67. Nb7 Kxb3 68. Nxc5+ Kxc4 69. Nd3 Bd6 70. Kd2 b3 71. Nb2+ Kd4 72. Nd3
f4 73. Ke2 f3+ 74. Kd2 Be7 75. Nb2 Bb4+ 76. Kd1 Bc3 77. Na4 b2 78. Kc2 b1=Q+
79. Kxb1 f2 0-1

[Event "Landesliga Ost MV 2014-15"]
[Site "Mecklenburg-Vorpommern"]
[Date "2015.04.26"]
[Round "9.5"]
[White "Rosin, Ralf"]
[Black "Poppe, Thomas"]
[Result "1-0"]
[WhiteElo "1727"]
[BlackElo "1722"]
[PlyCount "79"]
[EventType "team-tourn"]
[EventRounds "9"]
[EventCountry "GER"]
[SourceDate "2014.04.06"]
[WhiteTeam "SV Motor Wolgast"]
[BlackTeam "SSC Graal-Mueritz"]

1. d4 d5 2. Nf3 Nf6 3. c4 e6 4. Nc3 c6 5. e3 Nbd7 6. Qc2 b6 7. cxd5 cxd5 8. Nb5
Bb4+ 9. Bd2 Bxd2+ 10. Nxd2 O-O 11. Nc7 Rb8 12. Rc1 Bb7 13. Nb5 Rc8 14. Qb1 a6
15. Nd6 Rxc1+ 16. Qxc1 Qb8 17. Nxb7 Qxb7 18. Bd3 Rc8 19. Qd1 b5 20. O-O Nb6 21.
Nb3 Nfd7 22. Qb1 g6 23. h4 Nc4 24. h5 f5 25. hxg6 hxg6 26. g3 Kf7 27. Kg2 a5
28. Rh1 a4 29. Nc5 Nxc5 30. dxc5 Rxc5 31. b3 axb3 32. axb3 d4+ 33. e4 Nd2 34.
Qb2 Nxe4 35. f3 Nc3 36. Qd2 Kf6 37. Qf4 Qg7 38. Qxd4+ Re5 39. Qxc3 g5 40. Re1
1-0

[Event "Landesliga Ost MV 2014-15"]
[Site "Mecklenburg-Vorpommern"]
[Date "2015.04.26"]
[Round "9.6"]
[White "Micheel, Peter"]
[Black "Pochop, Bert"]
[Result "1-0"]
[WhiteElo "1721"]
[BlackElo "1804"]
[PlyCount "81"]
[EventType "team-tourn"]
[EventRounds "9"]
[EventCountry "GER"]
[SourceDate "2014.04.06"]
[WhiteTeam "SSC Graal-Mueritz"]
[BlackTeam "SV Motor Wolgast"]

1. e4 c5 2. c3 Nc6 3. d4 cxd4 4. cxd4 g6 5. Nc3 e6 6. d5 exd5 7. exd5 Nce7 8.
d6 Bg7 9. dxe7 Nxe7 10. Nf3 O-O 11. Bc4 Qc7 12. Nd5 Nxd5 13. Bxd5 d6 14. O-O
Be6 15. Qb3 Bxd5 16. Qxd5 Qc6 17. Qxc6 bxc6 18. Rb1 Rfe8 19. Re1 Rxe1+ 20. Nxe1
Re8 21. Kf1 d5 22. Nd3 Bd4 23. Bd2 c5 24. Bc3 Bxc3 25. bxc3 d4 26. c4 Re6 27.
Nxc5 Rc6 28. Rb5 g5 29. Ke2 g4 30. Kd3 Rf6 31. Rb2 Rd6 32. Ne4 Rh6 33. Kxd4
Rxh2 34. g3 f5 35. Nf6+ Kf7 36. Ke5 Rh6 37. Rb7+ Kg6 38. c5 Rh1 39. Nd5 Re1+
40. Kd6 h5 41. c6 1-0

[Event "Landesliga Ost MV 2014-15"]
[Site "Mecklenburg-Vorpommern"]
[Date "2015.04.26"]
[Round "9.7"]
[White "Schellner, Ulf"]
[Black "Hausmann, Ulli"]
[Result "1-0"]
[WhiteElo "1632"]
[BlackElo "1623"]
[PlyCount "95"]
[EventType "team-tourn"]
[EventRounds "9"]
[EventCountry "GER"]
[SourceDate "2014.04.06"]
[WhiteTeam "SV Motor Wolgast"]
[BlackTeam "SSC Graal-Mueritz"]

1. d4 d6 2. Nf3 e6 3. c4 Bd7 4. Nc3 Nf6 5. Bg5 Be7 6. e3 Nc6 7. a3 h6 8. Bh4
Nh5 9. Bxe7 Qxe7 10. Bd3 Nf6 11. O-O g5 12. d5 exd5 13. cxd5 Ne5 14. Nxe5 Qxe5
15. Qe2 Nxd5 16. f4 Qxe3+ 17. Qxe3+ Nxe3 18. Rae1 gxf4 19. Rxf4 O-O-O 20. Rxe3
Be6 21. Rf6 Bb3 22. Be2 Be6 23. Bd3 Bb3 24. Be2 Be6 25. Nb5 a6 26. Nd4 Bd5 27.
Bf3 Bxf3 28. Rfxf3 c5 29. Nf5 Rd7 30. Re7 Rxe7 31. Nxe7+ Kd7 32. Nf5 d5 33. Kf2
d4 34. Ng7 Ke7 35. g3 b5 36. Ke2 a5 37. Rf5 Rc8 38. Kd3 f6 39. Nh5 Rc6 40. g4
a4 41. Ng3 b4 42. axb4 cxb4 43. Rb5 b3 44. Nf5+ Kf7 45. Nxd4 Ra6 46. Rb7+ Kg6
47. Nf5 h5 48. Rg7# 1-0

[Event "Landesliga Ost MV 2014-15"]
[Site "Mecklenburg-Vorpommern"]
[Date "2015.04.26"]
[Round "9.1"]
[White "Pawlick, Helmut"]
[Black "Stoevesand, Eric"]
[Result "0-1"]
[WhiteElo "1816"]
[BlackElo "1944"]
[PlyCount "48"]
[EventType "team-tourn"]
[EventRounds "9"]
[EventCountry "GER"]
[SourceDate "2014.04.06"]
[WhiteTeam "SV Rugia Bergen"]
[BlackTeam "SG Eintracht Neubrandenburg  "]

1. e4 e5 2. Nf3 Nc6 3. Bc4 Bc5 4. b4 Bxb4 5. c3 Ba5 6. d4 exd4 7. O-O d6 8.
cxd4 Bb6 9. Bb2 Bg4 10. h3 Bxf3 11. Qxf3 Qf6 12. Qb3 Nxd4 13. Qa4+ c6 14. Nc3
Ne7 15. e5 dxe5 16. Ne4 Qg6 17. Bd3 O-O 18. Ba3 Rfe8 19. Nc5 Qh5 20. Nxb7 Nd5
21. Qd1 Qg5 22. Qg4 Qxg4 23. hxg4 e4 24. Bc4 Nc2 0-1

[Event "Landesliga Ost MV 2014-15"]
[Site "Mecklenburg-Vorpommern"]
[Date "2015.04.26"]
[Round "9.2"]
[White "Stoevesand, Peter"]
[Black "Pawlowicz, Wolfgang"]
[Result "1-0"]
[WhiteElo "1864"]
[BlackElo "1711"]
[PlyCount "47"]
[EventType "team-tourn"]
[EventRounds "9"]
[EventCountry "GER"]
[SourceDate "2014.04.06"]
[WhiteTeam "SG Eintracht Neubrandenburg  "]
[BlackTeam "SV Rugia Bergen"]

1. e4 c5 2. Nf3 Nc6 3. d4 cxd4 4. Nxd4 d6 5. Nc3 Bd7 6. Be2 a6 7. Be3 Nf6 8.
Qd2 g6 9. f3 Bg7 10. g4 Nxd4 11. Bxd4 h6 12. h4 Qa5 13. O-O-O b5 14. a3 b4 15.
Na2 Rb8 16. Nxb4 O-O 17. Nxa6 Qxd2+ 18. Rxd2 Rb7 19. Rhd1 Ra8 20. Kb1 Be6 21.
Nb4 Rxb4 22. axb4 Ba2+ 23. Kc1 Bc4 24. b3 1-0

[Event "Landesliga Ost MV 2014-15"]
[Site "Mecklenburg-Vorpommern"]
[Date "2015.04.26"]
[Round "9.5"]
[White "Pawlowicz, Karsten"]
[Black "Rossmann, Andreas"]
[Result "0-1"]
[WhiteElo "1592"]
[BlackElo "1941"]
[PlyCount "58"]
[EventType "team-tourn"]
[EventRounds "9"]
[EventCountry "GER"]
[SourceDate "2014.04.06"]
[WhiteTeam "SV Rugia Bergen"]
[BlackTeam "SG Eintracht Neubrandenburg  "]

1. e4 c5 2. Nf3 Nc6 3. d4 cxd4 4. Nxd4 Nf6 5. Nxc6 bxc6 6. Bd3 e5 7. Bg5 Be7 8.
Bxf6 Bxf6 9. c3 O-O 10. O-O d5 11. exd5 cxd5 12. Nd2 Re8 13. Nb3 Qb6 14. Be2
Rb8 15. Bg4 Bb7 16. Qc2 a5 17. Nd2 Ba6 18. Rfb1 Qc6 19. Nf1 d4 20. Bf5 g6 21.
Be4 d3 22. Bxc6 dxc2 23. Rc1 Rxb2 24. Ne3 Bd3 25. Ba4 Bg5 26. Re1 Bxe3 27. Rxe3
Rb1+ 28. Re1 Rd8 29. Bxc2 Rxa1 0-1

[Event "Landesliga Ost MV 2014-15"]
[Site "Mecklenburg-Vorpommern"]
[Date "2015.04.26"]
[Round "9.6"]
[White "Kunow, Frank"]
[Black "Behrens, Christoph"]
[Result "1/2-1/2"]
[WhiteElo "1864"]
[BlackElo "1634"]
[PlyCount "89"]
[EventType "team-tourn"]
[EventRounds "9"]
[EventCountry "GER"]
[SourceDate "2014.04.06"]
[WhiteTeam "SG Eintracht Neubrandenburg  "]
[BlackTeam "SV Rugia Bergen"]

1. Nf3 Nc6 2. d4 d5 3. g3 Nf6 4. Bg2 e6 5. O-O Bd6 6. c4 O-O 7. Nc3 Be7 8. Ne5
dxc4 9. Nxc6 bxc6 10. Bxc6 Rb8 11. e4 Bd7 12. Qa4 Rb4 13. Bxd7 Rxa4 14. Bxa4
Bb4 15. Bg5 Qxd4 16. Rad1 Qc5 17. Bxf6 gxf6 18. Nb5 a6 19. Nd4 Qg5 20. Nc6 Bd6
21. Rc1 h5 22. Rxc4 Kg7 23. e5 fxe5 24. Re1 Qd2 25. Rec1 f5 26. Bd1 Qxb2 27.
R4c2 Qb5 28. Bxh5 f4 29. Rc3 Rh8 30. Bf3 fxg3 31. hxg3 Rf8 32. Kg2 Qa4 33. R1c2
e4 34. Be2 Rf5 35. Rc4 Qa3 36. Rxe4 Bc5 37. Nd4 Bxd4 38. Rxd4 Qa5 39. Rd7+ Kf6
40. Rcxc7 Qxa2 41. Rf7+ Ke5 42. Rc5+ Kd6 43. Rcxf5 exf5 44. Rf6+ Ke5 45. Rf8
1/2-1/2

[Event "Landesliga Ost MV 2014-15"]
[Site "Mecklenburg-Vorpommern"]
[Date "2015.04.26"]
[Round "9.8"]
[White "Winkler, Karl"]
[Black "Scheel, Manfred"]
[Result "1-0"]
[WhiteElo "1811"]
[BlackElo "1501"]
[PlyCount "81"]
[EventType "team-tourn"]
[EventRounds "9"]
[EventCountry "GER"]
[SourceDate "2014.04.06"]
[WhiteTeam "SG Eintracht Neubrandenburg  "]
[BlackTeam "SV Rugia Bergen"]

1. e4 e5 2. d4 exd4 3. Qxd4 Nc6 4. Qe3 Nf6 5. Nc3 b6 6. Bd2 Bc5 7. Qg3 O-O 8.
O-O-O Re8 9. Re1 Ne5 10. f3 d5 11. Bg5 Bd6 12. f4 dxe4 13. fxe5 Bxe5 14. Qh4 h6
15. Bd2 Qd4 16. Nge2 Qd6 17. Ng3 e3 18. Rxe3 Rd8 19. Rd3 Qf8 20. Rxd8 Qxd8 21.
Bd3 Qd6 22. Nge4 Nxe4 23. Qxe4 c6 24. Re1 f6 25. Qg6 Be6 26. Qh7+ Kf7 27. Bg6+
Kf8 28. Qh8+ Bg8 29. Bh7 Kf7 30. Bxg8+ Rxg8 31. Qh7 Rd8 32. Rd1 Bxc3 33. bxc3
Qa3+ 34. Kb1 Rd5 35. c4 Rxd2 36. Rxd2 Qb4+ 37. Kc1 Qa3+ 38. Kd1 Qxa2 39. Qe4
Qa1+ 40. Ke2 f5 41. Qxf5+ 1-0